<?xml version="1.0" encoding="UTF-8"?>
<record
    xmlns:xsi="http://www.w3.org/2001/XMLSchema-instance"
    xsi:schemaLocation="http://www.loc.gov/MARC21/slim http://www.loc.gov/standards/marcxml/schema/MARC21slim.xsd"
    xmlns="http://www.loc.gov/MARC21/slim">

  <leader>00603nam a2200229Ia 4500</leader>
  <controlfield tag="003">3228</controlfield>
  <controlfield tag="005">20250715143324.0</controlfield>
  <controlfield tag="008">210817s9999    xx     e      000 1 AFR d</controlfield>
  <datafield tag="020" ind1=" " ind2=" ">
    <subfield code="a">9780624046288</subfield>
    <subfield code="q">pbk</subfield>
  </datafield>
  <datafield tag="040" ind1=" " ind2=" ">
    <subfield code="a">RDA</subfield>
    <subfield code="c">2000</subfield>
  </datafield>
  <datafield tag="041" ind1=" " ind2=" ">
    <subfield code="2">A</subfield>
  </datafield>
  <datafield tag="082" ind1=" " ind2=" ">
    <subfield code="a">AF MOUT</subfield>
  </datafield>
  <datafield tag="100" ind1=" " ind2=" ">
    <subfield code="a">Mouton, Annie</subfield>
    <subfield code="9">123043</subfield>
  </datafield>
  <datafield tag="245" ind1=" " ind2="0">
    <subfield code="a">In ruil vir my hart /</subfield>
    <subfield code="c">Annie Mouton</subfield>
  </datafield>
  <datafield tag="260" ind1=" " ind2=" ">
    <subfield code="a">Kaapstad :</subfield>
    <subfield code="b">Melodie,</subfield>
    <subfield code="c">2008</subfield>
  </datafield>
  <datafield tag="300" ind1=" " ind2=" ">
    <subfield code="a">224 Pages;</subfield>
    <subfield code="c">18 cm.</subfield>
  </datafield>
  <datafield tag="490" ind1=" " ind2=" ">
    <subfield code="a">Melodie</subfield>
  </datafield>
  <datafield tag="655" ind1=" " ind2="0">
    <subfield code="9">189056</subfield>
    <subfield code="a">Afrikaans Fiction</subfield>
  </datafield>
  <datafield tag="655" ind1=" " ind2="0">
    <subfield code="9">188670</subfield>
    <subfield code="a">Human Relations Fiction</subfield>
  </datafield>
  <datafield tag="655" ind1=" " ind2="0">
    <subfield code="9">188216</subfield>
    <subfield code="a">Light Romance</subfield>
  </datafield>
  <datafield tag="942" ind1=" " ind2=" ">
    <subfield code="c">BK</subfield>
    <subfield code="2">ddc</subfield>
    <subfield code="y">296</subfield>
    <subfield code="z">Phillipina Naude</subfield>
  </datafield>
  <datafield tag="999" ind1=" " ind2=" ">
    <subfield code="c">244150</subfield>
    <subfield code="d">244149</subfield>
  </datafield>
  <datafield tag="952" ind1=" " ind2=" ">
    <subfield code="0">0</subfield>
    <subfield code="1">0</subfield>
    <subfield code="2">ddc</subfield>
    <subfield code="4">0</subfield>
    <subfield code="7">0</subfield>
    <subfield code="a">MIDDL</subfield>
    <subfield code="b">JEREL</subfield>
    <subfield code="d">2021-08-18</subfield>
    <subfield code="o">AF MOUT</subfield>
    <subfield code="p">33228022881005</subfield>
    <subfield code="r">2021-08-18</subfield>
    <subfield code="w">2021-08-18</subfield>
    <subfield code="y">BK</subfield>
  </datafield>
  <datafield tag="952" ind1=" " ind2=" ">
    <subfield code="0">0</subfield>
    <subfield code="1">0</subfield>
    <subfield code="2">ddc</subfield>
    <subfield code="4">0</subfield>
    <subfield code="7">0</subfield>
    <subfield code="8">F</subfield>
    <subfield code="a">KLIPL</subfield>
    <subfield code="b">KLIPL</subfield>
    <subfield code="c">FIC</subfield>
    <subfield code="d">2025-07-15</subfield>
    <subfield code="l">0</subfield>
    <subfield code="o">AF MOUT</subfield>
    <subfield code="p">138491</subfield>
    <subfield code="r">2025-07-15</subfield>
    <subfield code="w">2025-07-15</subfield>
    <subfield code="y">BK</subfield>
    <subfield code="z">D118217</subfield>
  </datafield>
</record>
